[Event "Titled Tuesday intern op 27th Sep Early"]
[Site "Chess.com INT"]
[Date "2022.09.27"]
[Round "4"]
[White "Balkum, Alexander"]
[Black "Runets, Ivan"]
[Result "1-0"]
[WhiteElo "2107"]
[BlackElo "2176"]
[PlyCount "61"]
[EventDate "2022.09.27"]
[EventType "swiss (blitz)"]
[EventRounds "11"]
[EventCountry "USA"]
[SourceTitle "CBM 210 Extra"]
[Source "ChessBase"]
[SourceDate "2022.11.30"]
[SourceVersion "1"]
[SourceVersionDate "2022.11.30"]
[SourceQuality "1"]

1. e4 c5 2. Nf3 e6 3. d4 cxd4 4. Nxd4 Nf6 5. Nc3 d6 6. g4 Nc6 7. g5 Nd7 8. Nxc6 bxc6 9. Be3 d5 10. h4 Bd6 11. Bg2 Ba6 12. f4 Qc7 13. e5 Bc5 14. Bxc5 Nxc5 15. Qd2 Rb8 16. b3 Qb6 17. 0-0-0 Qa5 18. h5 Qa3+ 19. Kb1 0-0 20. g6 fxg6 21. h6 Rfd8 22. f5 d4 23. hxg7 d3 24. f6 Bc4 25. Rxh7 dxc2+ 26. Qxc2 Rxd1+ 27. Nxd1 Bd3 28. Rh8+ Kf7 29. Rxb8 Bxc2+ 30. Kxc2 Qxa2+ 31. Nb2 1-0

[Event "Titled Tuesday intern op 27th Sep Early"]
[Site "Chess.com INT"]
[Date "2022.09.27"]
[Round "8"]
[White "Bryakin, Mikhail"]
[Black "Balkum, Alexander"]
[Result "1-0"]
[WhiteElo "2427"]
[BlackElo "2107"]
[PlyCount "119"]
[EventDate "2022.09.27"]
[EventType "swiss (blitz)"]
[EventRounds "11"]
[EventCountry "USA"]
[SourceTitle "CBM 210 Extra"]
[Source "ChessBase"]
[SourceDate "2022.11.30"]
[SourceVersion "1"]
[SourceVersionDate "2022.11.30"]
[SourceQuality "1"]

1. e4 c5 2. Nf3 Nc6 3. c3 Nf6 4. e5 Nd5 5. Bc4 Nb6 6. Bb3 d5 7. exd6 e6 8. 0-0 Bxd6 9. d4 cxd4 10. Nxd4 Nxd4 11. Qxd4 0-0 12. Nd2 Be7 13. Qe3 Nd5 14. Qe2 b6 15. Nf3 Bb7 16. Rd1 Qc7 17. Qe5 Rac8 18. Qxc7 Rxc7 19. Bg5 Bxg5 20. Nxg5 Rd7 21. Nf3 Rfd8 22. Ne5 Rd6 23. Nc4 R6d7 24. Ne5 Rd6 25. g3 Kf8 26. Rd4 Nf6 27. Rad1 Rxd4 28. Rxd4 Rxd4 29. cxd4 Ke7 30. f4 Ne4 31. Bc2 f6 32. Ng4 h6 33. Ne3 Nd6 34. Bd3 Kd7 35. Kf2 Be4 36. Bxe4 Nxe4+ 37. Kf3 Nd6 38. a4 Kc6 39. b3 a6 40. g4 b5 41. a5 b4 42. f5 Kd7 43. Kf4 Nb5 44. Ke4 Nc3+ 45. Kd3 Nb5 46. fxe6+ Kxe6 47. Nc2 f5 48. gxf5+ Kxf5 49. Nxb4 Nc7 50. Kc4 Ke6 51. Kc5 Kd7 52. d5 g5 53. d6 Ne6+ 54. Kd5 h5 55. Nxa6 g4 56. Nb8+ Kc8 57. Kxe6 h4 58. d7+ Kd8 59. Nc6+ Kc7 60. d8Q+ 1-0

[Event "Titled Tuesday intern op 13th Sep Early"]
[Site "Chess.com INT"]
[Date "2022.09.13"]
[Round "6"]
[White "Aloma Vidal, Roberto"]
[Black "Balkum, Alexander"]
[Result "1-0"]
[WhiteElo "2448"]
[BlackElo "2107"]
[PlyCount "83"]
[EventDate "2022.09.13"]
[EventType "swiss (blitz)"]
[EventRounds "11"]
[EventCountry "USA"]
[SourceTitle "EXT 2023"]
[Source "ChessBase"]
[SourceDate "2022.10.05"]
[SourceVersion "1"]
[SourceVersionDate "2022.10.05"]
[SourceQuality "1"]

1. e4 c5 2. c3 g6 3. d4 cxd4 4. cxd4 d5 5. e5 Nc6 6. Nc3 Nh6 7. h3 Bg7 8. g4 f6 9. f4 0-0 10. Bg2 Be6 11. Nf3 Nf7 12. 0-0 f5 13. Nh4 Nh6 14. Be3 Qd7 15. g5 Nf7 16. Qb3 Rfd8 17. Rac1 Rac8 18. Qa4 b6 19. Nf3 Na5 20. Qxd7 Rxd7 21. b3 Nd8 22. Nd2 Bf7 23. Nb5 Rxc1 24. Rxc1 e6 25. Rc8 Bf8 26. Ra8 Ndc6 27. a3 Kg7 28. b4 Nb7 29. Nxa7 Nxb4 30. axb4 Bxb4 31. Nb5 Na5 32. Bf1 Re7 33. Bd3 Be8 34. Nd6 Ba4 35. Ne8+ Kf7 36. Nf6 Kg7 37. Rg8+ Kf7 38. Rh8 Bd1 39. Rxh7+ Kf8 40. Rh8+ Kg7 41. Rg8+ Kf7 42. Rb8 1-0

[Event "Titled Tuesday intern op 13th Sep Early"]
[Site "Chess.com INT"]
[Date "2022.09.13"]
[Round "9"]
[White "Balkum, Alexander"]
[Black "Aaditya, Dhingra"]
[Result "0-1"]
[WhiteElo "2107"]
[BlackElo "2178"]
[PlyCount "78"]
[EventDate "2022.09.13"]
[EventType "swiss (blitz)"]
[EventRounds "11"]
[EventCountry "USA"]
[SourceTitle "EXT 2023"]
[Source "ChessBase"]
[SourceDate "2022.10.05"]
[SourceVersion "1"]
[SourceVersionDate "2022.10.05"]
[SourceQuality "1"]

1. e4 e5 2. Nf3 Nc6 3. d4 exd4 4. Nxd4 Bc5 5. Be3 Qf6 6. Nb5 Bxe3 7. fxe3 Kd8 8. N1c3 Nge7 9. Qd2 a6 10. Nd4 d6 11. Be2 Ne5 12. 0-0-0 c5 13. Nf3 Kc7 14. Rhf1 Be6 15. Nd5+ Bxd5 16. exd5 Rhf8 17. Kb1 Nxf3 18. Rxf3 Qe5 19. e4 Ng6 20. Rb3 b6 21. Bd3 Qe7 22. a4 Ne5 23. Be2 f5 24. c4 a5 25. exf5 Rxf5 26. Re3 Raf8 27. Bd3 Rf2 28. Re2 Qf6 29. Rde1 Rf4 30. b3 Rd4 31. Re3 Qh6 32. Qc2 Rdf4 33. g3 Rf2 34. R3e2 Rxe2 35. Rxe2 Qh5 36. Bxh7 Rf1+ 37. Kb2 Qh6 38. Be4 Qf6 39. h4 Nd3+ 0-1

[Event "Titled Tuesday intern op 13th Sep Early"]
[Site "Chess.com INT"]
[Date "2022.09.13"]
[Round "7"]
[White "Balkum, Alexander"]
[Black "Pajeken, Jakob Leon"]
[Result "0-1"]
[WhiteElo "2107"]
[BlackElo "2461"]
[PlyCount "52"]
[EventDate "2022.09.13"]
[EventType "swiss (blitz)"]
[EventRounds "11"]
[EventCountry "USA"]
[SourceTitle "EXT 2023"]
[Source "ChessBase"]
[SourceDate "2022.10.05"]
[SourceVersion "1"]
[SourceVersionDate "2022.10.05"]
[SourceQuality "1"]

1. e4 e5 2. Nf3 Nc6 3. d4 exd4 4. Nxd4 Nf6 5. Nxc6 bxc6 6. e5 Qe7 7. Qe2 Nd5 8. c4 Nb6 9. Nd2 d5 10. exd6 cxd6 11. b3 Bg4 12. f3 Bf5 13. Bb2 0-0-0 14. Qxe7 Bxe7 15. 0-0-0 f6 16. g4 Bg6 17. Bg2 h5 18. h3 d5 19. f4 Bb4 20. cxd5 Nxd5 21. Nc4 Nxf4 22. Bf1 Rxd1+ 23. Kxd1 hxg4 24. a3 Bc5 25. b4 Bf2 26. Bg2 Nxg2 0-1

[Event "Titled Tuesday intern op 13th Sep Early"]
[Site "Chess.com INT"]
[Date "2022.09.13"]
[Round "1"]
[White "Chan, Luis"]
[Black "Balkum, Alexander"]
[Result "1-0"]
[WhiteElo "2192"]
[BlackElo "2107"]
[PlyCount "163"]
[EventDate "2022.09.13"]
[EventType "swiss (blitz)"]
[EventRounds "11"]
[EventCountry "USA"]
[SourceTitle "EXT 2023"]
[Source "ChessBase"]
[SourceDate "2022.10.05"]
[SourceVersion "1"]
[SourceVersionDate "2022.10.05"]
[SourceQuality "1"]

1. b3 Nf6 2. Bb2 g6 3. Bxf6 exf6 4. c4 Bg7 5. Nc3 f5 6. Rc1 0-0 7. g3 d6 8. Bg2 Nc6 9. e3 Ne7 10. d4 c6 11. Nge2 a5 12. 0-0 g5 13. a3 Ng6 14. b4 axb4 15. axb4 h5 16. b5 Bd7 17. Ra1 Rxa1 18. Qxa1 h4 19. Qa7 Qc8 20. bxc6 bxc6 21. Na4 Be6 22. d5 cxd5 23. cxd5 Qc4 24. dxe6 Qxe2 25. exf7+ Kh7 26. Qd7 Qc4 27. Nb6 Qxf7 28. Qxd6 f4 29. exf4 gxf4 30. Nd5 fxg3 31. hxg3 hxg3 32. fxg3 Bd4+ 33. Kh2 Qg7 34. Rxf8 Qxf8 35. Qd7+ Qg7 36. Qh3+ Qh6 37. Be4 Qxh3+ 38. Kxh3 Kh6 39. Kg4 Bf2 40. Nf6 Be1 41. Kh3 Ne5 42. g4 Kg5 43. Nh7+ Kf4 44. Bf5 Nxg4 45. Bxg4 Ba5 46. Nf6 Bb4 47. Nd5+ Kg5 48. Nxb4 Kf4 49. Nd5+ Ke5 50. Ne3 Kf4 51. Ng2+ Ke5 52. Kg3 Kd4 53. Kf4 Kd5 54. Bf3+ Kd6 55. Kf5 Kc5 56. Ke5 Kc4 57. Nf4 Kc3 58. Ke4 Kc4 59. Nd3 Kc3 60. Ke3 Kc4 61. Bc6 Kc3 62. Bd5 Kc2 63. Kd4 Kb1 64. Kc3 Ka1 65. Nb4 Kb1 66. Nc2 Kc1 67. Ba2 Kd1 68. Nd4 Ke1 69. Kd3 Kf2 70. Ne2 Ke1 71. Ke3 Kd1 72. Bb3+ Ke1 73. Bc2 Kf1 74. Nf4 Kg1 75. Kf3 Kh2 76. Ng2 Kg1 77. Kg3 Kf1 78. Bd3+ Kg1 79. Be2 Kh1 80. Nf4 Kg1 81. Nh3+ Kh1 82. Bf3# 1-0

[Event "Titled Tuesday intern op 13th Sep Early"]
[Site "Chess.com INT"]
[Date "2022.09.13"]
[Round "10"]
[White "Sanchez, Roberto Daniel"]
[Black "Balkum, Alexander"]
[Result "0-1"]
[WhiteElo "1966"]
[BlackElo "2107"]
[PlyCount "34"]
[EventDate "2022.09.13"]
[EventType "swiss (blitz)"]
[EventRounds "11"]
[EventCountry "USA"]
[SourceTitle "EXT 2023"]
[Source "ChessBase"]
[SourceDate "2022.10.05"]
[SourceVersion "1"]
[SourceVersionDate "2022.10.05"]
[SourceQuality "1"]

1. e4 c5 2. Nf3 Nc6 3. d4 cxd4 4. Nxd4 Nf6 5. Nc3 d6 6. f3 e5 7. Nb3 Be7 8. Be3 Be6 9. Qd2 a5 10. Bb5 0-0 11. 0-0-0 Nb4 12. Kb1 d5 13. exd5 Nfxd5 14. Nxd5 Nxd5 15. Nc5 Nxe3 16. Qxe3 Qb6 17. a4 Qxc5 0-1

[Event "Titled Tuesday intern op 06th Sep Early"]
[Site "Chess.com INT"]
[Date "2022.09.06"]
[Round "10"]
[White "Balkum, Alexander"]
[Black "Bashirli, Saadat"]
[Result "0-1"]
[WhiteElo "2107"]
[BlackElo "1567"]
[PlyCount "146"]
[EventDate "2022.09.06"]
[EventType "swiss (blitz)"]
[EventRounds "11"]
[EventCountry "USA"]
[SourceTitle "EXT 2023"]
[Source "ChessBase"]
[SourceDate "2022.10.05"]
[SourceVersion "1"]
[SourceVersionDate "2022.10.05"]
[SourceQuality "1"]

1. e4 c5 2. Nf3 g6 3. d4 cxd4 4. Nxd4 Nc6 5. c4 Nf6 6. Nc3 Nxd4 7. Qxd4 d6 8. f3 Bg7 9. Be3 0-0 10. Qd2 a5 11. Be2 a4 12. 0-0 Qa5 13. Rac1 Be6 14. Nd5 Qxd2 15. Bxd2 Bxd5 16. cxd5 Rfc8 17. Bb5 Nh5 18. g4 Bd4+ 19. Kg2 Nf6 20. Rxc8+ Rxc8 21. Bxa4 Bxb2 22. Rb1 Ra8 23. Bb3 Bd4 24. Rc1 b6 25. Rc7 Kf8 26. Kf1 Bc5 27. Ke2 Ke8 28. Kd3 Kd8 29. Rb7 Nd7 30. f4 Kc8 31. Rxd7 Kxd7 32. e5 b5 33. e6+ fxe6 34. dxe6+ Kc7 35. f5 gxf5 36. gxf5 Rf8 37. Ke4 Bg1 38. h4 Bf2 39. Bg5 Kd8 40. Bd5 Bc5 41. Bc6 b4 42. Bd5 Bf2 43. Bb3 Be1 44. Bd5 Bc3 45. Bb3 Bf6 46. Bd5 h6 47. Bxh6 Rh8 48. Bg5 Rg8 49. Kf4 Rh8 50. Bb3 Rh5 51. Kg4 Rh8 52. Kf4 Rh7 53. Kg4 Kc7 54. Kf4 Rg7 55. Kg4 Be5 56. Kh5 Bf6 57. Kh6 Rg8 58. Kh5 Kc6 59. Kh6 Kc7 60. Kh5 Rh8+ 61. Kg6 Rg8+ 62. Kf7 Rg7+ 63. Kf8 Rh7 64. Bxf6 exf6 65. e7 Rh8+ 66. Kf7 Rh7+ 67. Ke6 Rh8 68. Kxf6 Kd7 69. Be6+ Ke8 70. Kg7 Rxh4 71. f6 Rf4 72. f7+ Kxe7 73. Bb3 Rf6 0-1